<?xml version="1.0" encoding="UTF-8"?><?xml-stylesheet type="text/xsl" href="static/style.xsl"?><OAI-PMH xmlns="http://www.openarchives.org/OAI/2.0/" xmlns:xsi="http://www.w3.org/2001/XMLSchema-instance" xsi:schemaLocation="http://www.openarchives.org/OAI/2.0/ http://www.openarchives.org/OAI/2.0/OAI-PMH.xsd"><responseDate>2026-04-13T03:02:12Z</responseDate><request verb="GetRecord" identifier="oai:www.recercat.cat:2445/122204" metadataPrefix="marc">https://recercat.cat/oai/request</request><GetRecord><record><header><identifier>oai:recercat.cat:2445/122204</identifier><datestamp>2025-12-10T01:07:05Z</datestamp><setSpec>com_2072_1057</setSpec><setSpec>col_2072_478917</setSpec></header><metadata><record xmlns="http://www.loc.gov/MARC21/slim" xmlns:dcterms="http://purl.org/dc/terms/" xmlns:xsi="http://www.w3.org/2001/XMLSchema-instance" xmlns:doc="http://www.lyncode.com/xoai" xsi:schemaLocation="http://www.loc.gov/MARC21/slim http://www.loc.gov/standards/marcxml/schema/MARC21slim.xsd">
   <leader>00925njm 22002777a 4500</leader>
   <datafield ind2=" " ind1=" " tag="042">
      <subfield code="a">dc</subfield>
   </datafield>
   <datafield ind2=" " ind1=" " tag="720">
      <subfield code="a">Thacher, Jesse D.</subfield>
      <subfield code="e">author</subfield>
   </datafield>
   <datafield ind2=" " ind1=" " tag="720">
      <subfield code="a">Gehring, Ulrike</subfield>
      <subfield code="e">author</subfield>
   </datafield>
   <datafield ind2=" " ind1=" " tag="720">
      <subfield code="a">Gruzieva, Olena</subfield>
      <subfield code="e">author</subfield>
   </datafield>
   <datafield ind2=" " ind1=" " tag="720">
      <subfield code="a">Standl, Marie</subfield>
      <subfield code="e">author</subfield>
   </datafield>
   <datafield ind2=" " ind1=" " tag="720">
      <subfield code="a">Pershagen, Göran</subfield>
      <subfield code="e">author</subfield>
   </datafield>
   <datafield ind2=" " ind1=" " tag="720">
      <subfield code="a">Bauer, Carl-Peter</subfield>
      <subfield code="e">author</subfield>
   </datafield>
   <datafield ind2=" " ind1=" " tag="720">
      <subfield code="a">Berdel, Dietrich</subfield>
      <subfield code="e">author</subfield>
   </datafield>
   <datafield ind2=" " ind1=" " tag="720">
      <subfield code="a">Keller, Theresa</subfield>
      <subfield code="e">author</subfield>
   </datafield>
   <datafield ind2=" " ind1=" " tag="720">
      <subfield code="a">Koletzko, Sibylle</subfield>
      <subfield code="e">author</subfield>
   </datafield>
   <datafield ind2=" " ind1=" " tag="720">
      <subfield code="a">Koppelman, Gerard H.</subfield>
      <subfield code="e">author</subfield>
   </datafield>
   <datafield ind2=" " ind1=" " tag="720">
      <subfield code="a">Kull, Inger</subfield>
      <subfield code="e">author</subfield>
   </datafield>
   <datafield ind2=" " ind1=" " tag="720">
      <subfield code="a">Lau, Susanne</subfield>
      <subfield code="e">author</subfield>
   </datafield>
   <datafield ind2=" " ind1=" " tag="720">
      <subfield code="a">Lehmann, Irina</subfield>
      <subfield code="e">author</subfield>
   </datafield>
   <datafield ind2=" " ind1=" " tag="720">
      <subfield code="a">Maier, Dieter</subfield>
      <subfield code="e">author</subfield>
   </datafield>
   <datafield ind2=" " ind1=" " tag="720">
      <subfield code="a">Schikowski, Tamara</subfield>
      <subfield code="e">author</subfield>
   </datafield>
   <datafield ind2=" " ind1=" " tag="720">
      <subfield code="a">Wahn, Ulrich</subfield>
      <subfield code="e">author</subfield>
   </datafield>
   <datafield ind2=" " ind1=" " tag="720">
      <subfield code="a">Wijga, Alet H.</subfield>
      <subfield code="e">author</subfield>
   </datafield>
   <datafield ind2=" " ind1=" " tag="720">
      <subfield code="a">Heinrich, Joachim</subfield>
      <subfield code="e">author</subfield>
   </datafield>
   <datafield ind2=" " ind1=" " tag="720">
      <subfield code="a">Bousquet, Jean</subfield>
      <subfield code="e">author</subfield>
   </datafield>
   <datafield ind2=" " ind1=" " tag="720">
      <subfield code="a">Antó i Boqué, Josep Maria</subfield>
      <subfield code="e">author</subfield>
   </datafield>
   <datafield ind2=" " ind1=" " tag="720">
      <subfield code="a">Berg, Andrea von</subfield>
      <subfield code="e">author</subfield>
   </datafield>
   <datafield ind2=" " ind1=" " tag="720">
      <subfield code="a">Melén, Erik</subfield>
      <subfield code="e">author</subfield>
   </datafield>
   <datafield ind2=" " ind1=" " tag="720">
      <subfield code="a">Smit, Henriette A.</subfield>
      <subfield code="e">author</subfield>
   </datafield>
   <datafield ind2=" " ind1=" " tag="720">
      <subfield code="a">Keil, Thomas</subfield>
      <subfield code="e">author</subfield>
   </datafield>
   <datafield ind2=" " ind1=" " tag="720">
      <subfield code="a">Bergstrom, Anna</subfield>
      <subfield code="e">author</subfield>
   </datafield>
   <datafield ind2=" " ind1=" " tag="260">
      <subfield code="c">2018-05-08T12:25:31Z</subfield>
   </datafield>
   <datafield ind2=" " ind1=" " tag="260">
      <subfield code="c">2018-05-08T12:25:31Z</subfield>
   </datafield>
   <datafield ind2=" " ind1=" " tag="260">
      <subfield code="c">2018-04</subfield>
   </datafield>
   <datafield ind2=" " ind1=" " tag="260">
      <subfield code="c">2018-04-18T17:59:56Z</subfield>
   </datafield>
   <datafield ind2=" " ind1=" " tag="520">
      <subfield code="a">BACKGROUND: The role of tobacco smoke exposure in the&#xd;
                development and persistence of asthma and rhinoconjunctivitis&#xd;
                through childhood into adolescence is unclear. OBJECTIVES: We&#xd;
                assessed the associations of parental smoking from fetal life&#xd;
                through adolescence with asthma and rhinoconjunctivitis during&#xd;
                childhood and adolescence. METHODS: We analyzed data for 10,860&#xd;
                participants of five European birth cohort studies from the&#xd;
                Mechanisms of the Development of Allergy (MeDALL) consortium.&#xd;
                Parental smoking habits and health outcomes (early transient,&#xd;
                persistent, and adolescent-onset asthma and rhinoconjunctivitis)&#xd;
                were based on questionnaires covering the period from pregnancy&#xd;
                to 14-16 y of age. Data were combined and analyzed using a&#xd;
                one-stage and two-stage individual participant data&#xd;
                meta-analysis. RESULTS: Overall, any maternal smoking during&#xd;
                pregnancy tended to be associated with an increased odds of&#xd;
                prevalent asthma [adjusted odds ratio (aOR)=1.19 (95% CI: 0.98,&#xd;
                1.43)], but not prevalent rhinoconjunctivitis [aOR=1.05 (95% CI:&#xd;
                0.90, 1.22)], during childhood and adolescence. In analyses with&#xd;
                phenotypes related to age of onset and persistence of disease,&#xd;
                any maternal smoking during pregnancy was associated with early&#xd;
                transient asthma [aOR=1.79 (95% CI: 1.14, 2.83)]. Maternal&#xd;
                smoking of >/=10 cigarettes/day during pregnancy was&#xd;
                associated with persistent asthma [aOR=1.66 (95% CI: 1.29,&#xd;
                2.15)] and persistent rhinoconjunctivitis [aOR=1.55 (95% CI,&#xd;
                1.09, 2.20)]. Tobacco smoke exposure during fetal life, infancy,&#xd;
                childhood, and adolescence was not associated with&#xd;
                adolescent-onset asthma or rhinoconjunctivitis. CONCLUSIONS:&#xd;
                Findings from this combined analysis of five European birth&#xd;
                cohorts strengthen evidence linking early exposure to tobacco&#xd;
                smoke with asthma during childhood and adolescence. Children&#xd;
                with high early-life exposure were more likely than unexposed&#xd;
                children to have early transient and persistent asthma and&#xd;
                persistent rhinoconjunctivitis. https://doi.org/10.1289/EHP2738.</subfield>
   </datafield>
   <datafield tag="653" ind2=" " ind1=" ">
      <subfield code="a">Embarassades</subfield>
   </datafield>
   <datafield tag="653" ind2=" " ind1=" ">
      <subfield code="a">Hàbit de fumar en l'embaràs</subfield>
   </datafield>
   <datafield tag="653" ind2=" " ind1=" ">
      <subfield code="a">Pregnant women</subfield>
   </datafield>
   <datafield tag="653" ind2=" " ind1=" ">
      <subfield code="a">Pregnant women</subfield>
   </datafield>
   <datafield ind2="0" ind1="0" tag="245">
      <subfield code="a">Maternal Smoking during Pregnancy and Early Childhood and&#xd;
                Development of Asthma and Rhinoconjunctivitis - a MeDALL Project</subfield>
   </datafield>
</record></metadata></record></GetRecord></OAI-PMH>